| 000 | 00617nam a2200181 a 4500 | ||
|---|---|---|---|
| 001 | 000040709 | ||
| 005 | 20201002034324.0 | ||
| 008 | 130905s2011 sp 001 0 spa d | ||
| 020 | _a9788441425255 | ||
| 040 |
_aDO-SdBNP _bspa _cBNPHU |
||
| 245 | 0 | 3 |
_aLa empresa de América : _blos hombres que conquistaron imperios y gestaron naciones / _cPatricio de Blas Zabaleta. |
| 260 |
_bMadrid :, _cEdaf ee _c2011. |
||
| 300 |
_a307 p., [16] p. de lám. : _bil., mapas ; _c23 cm. |
||
| 504 | _aBibliografía: p.295-298. | ||
| 500 | _aIncluye índices | ||
| 504 | _aDesplegables | ||
| 700 | 1 |
_aBlas Zabaleta, Patricio de _967093 |
|
| 999 |
_c40199 _d40199 |
||